Studies on acronitrile butadiene rubebr- Short nylon fiber composites (Record no. 69545)

MARC details
000 -LEADER
fixed length control field 00518nam a2200181Ia 4500
100 ## - MAIN ENTRY--AUTHOR NAME
Personal name Shreeja T D
245 #0 - TITLE STATEMENT
Title Studies on acronitrile butadiene rubebr- Short nylon fiber composites
260 ## - PUBLICATION, DISTRIBUTION, ETC. (IMPRINT)
Name of publisher Journal of Elastomers and Plastics
Year of publication 2002
300 ## - PHYSICAL DESCRIPTION
Number of Pages 157-169
650 ## - SUBJECT ADDED ENTRY--TOPICAL TERM
Topical Term Acronitrile butadiene rubber
650 ## - SUBJECT ADDED ENTRY--TOPICAL TERM
Topical Term Composite
650 ## - SUBJECT ADDED ENTRY--TOPICAL TERM
Topical Term Cure characteristics
650 ## - SUBJECT ADDED ENTRY--TOPICAL TERM
Topical Term Fiber
650 ## - SUBJECT ADDED ENTRY--TOPICAL TERM
Topical Term Mechanical properties
700 ## - ADDED ENTRY--PERSONAL NAME
Personal name Kutty S K N
942 ## - ADDED ENTRY ELEMENTS (KOHA)
Koha item type Journals
Holdings
Withdrawn status Lost status Damaged status Not for loan Home library Current library Shelving location Date acquired Serial Enumeration / chronology Koha item type
      Journals RRII Library RRII Library Rubber chemistry 13/08/2002 Volume 34, Issue 2 Journals